Mulla's Principles of Muhammedan Law / (Record no. 586621)
[ view plain ]
| 000 -LEADER | |
|---|---|
| fixed length control field | 00382nam a22001217a 4500 |
| 082 ## - DEWEY DECIMAL CLASSIFICATION NUMBER | |
| Classification number | 340.59 HID |
| 100 ## - MAIN ENTRY--PERSONAL NAME | |
| Personal name | Hidayatullah, M. |
| 245 ## - TITLE STATEMENT | |
| Title | Mulla's Principles of Muhammedan Law / |
| Statement of responsibility, etc. | M. Hidayatullah |
| 260 ## - PUBLICATION, DISTRIBUTION, ETC. | |
| Place of publication, distribution, etc. | Lahore : |
| Name of publisher, distributor, etc. | Pakistan Civil & Criminal Law Publication, |
| Date of publication, distribution, etc. | 2010. |
| 300 ## - PHYSICAL DESCRIPTION | |
| Extent | 346 p. ; |
| Dimensions | 25 cm. |
| 942 ## - ADDED ENTRY ELEMENTS (KOHA) | |
| Source of classification or shelving scheme | |
| Koha item type | Book |
| Withdrawn status | Lost status | Source of classification or shelving scheme | Damaged status | Not for loan | Permanent Location | Current Location | Shelving location | Date acquired | Full call number | Barcode | Date last seen | Price effective from | Koha item type |
|---|---|---|---|---|---|---|---|---|---|---|---|---|---|
| NUST Law School (NLS) | NUST Law School (NLS) | Law | 10/29/2021 | 340.59 HID | CL-659 | 10/29/2021 | 10/29/2021 | Book |
